| 000 | 00844nam a2200253 i 4500 | ||
|---|---|---|---|
| 001 | bg | ||
| 100 | 1 | _aRUSZKOWSKI Andrzej, | |
| 245 | 1 | 0 |
_aSłownik polskich nazw owadów / _cRuszkowski Andrzej i Ruszkowski Jan. |
| 260 |
_aPuławy : _bInstytut Sadownictwa i Kwiaciarstwa, _c1998. |
||
| 300 |
_a378 s. ; _c24 cm. |
||
| 504 | _aBibliogr. s. 351-354. - Słownik łacińsko-polski nazw rodzajowych s.355-375,skorowidz polskich nazw rodzajowych s. 376-379. | ||
| 650 | 4 |
_aOwady _aterminologia |
|
| 650 | 4 | _aSłowniki terminologiczne | |
| 650 | 4 | _aSłowniki łacińsko-polskie | |
| 650 | 4 | _aSłowniki polsko-łacińskie | |
| 700 | 1 | _aRUSZKOWSKI Jan, | |
| 020 | _a838761730X | ||
| 040 | _cBPK | ||
| 041 | 0 | _apl | |
| 080 | _a595.7(038)=124=162.1 | ||
| 920 | _a83-87617-30-X | ||
| 942 | _cKS | ||
| 008 | s pl f |000 0 pol | ||
| 999 |
_c34728 _d34728 |
||
| 856 |
_uhttp://koha.tu.koszalin.pl/cgi-bin/koha/opac-detail.pl?biblionumber=34728 _yKatalog online BPK |
||